<?xml version="1.0" encoding="UTF-8"?>
<record
    xmlns:xsi="http://www.w3.org/2001/XMLSchema-instance"
    xsi:schemaLocation="http://www.loc.gov/MARC21/slim http://www.loc.gov/standards/marcxml/schema/MARC21slim.xsd"
    xmlns="http://www.loc.gov/MARC21/slim">

  <leader>00634    a2200193   4500</leader>
  <datafield tag="999" ind1=" " ind2=" ">
    <subfield code="c">182876</subfield>
    <subfield code="d">182876</subfield>
  </datafield>
  <controlfield tag="005">20220221130050.0</controlfield>
  <datafield tag="010" ind1=" " ind2=" ">
    <subfield code="a">ENG-130243</subfield>
  </datafield>
  <datafield tag="020" ind1=" " ind2=" ">
    <subfield code="c">795.00</subfield>
    <subfield code="a">978-81-321-0741-5</subfield>
  </datafield>
  <datafield tag="035" ind1=" " ind2=" ">
    <subfield code="a">EN-113775</subfield>
  </datafield>
  <datafield tag="037" ind1=" " ind2=" ">
    <subfield code="b">DBAD /  PUB</subfield>
  </datafield>
  <datafield tag="082" ind1=" " ind2=" ">
    <subfield code="a">320.6082</subfield>
  </datafield>
  <datafield tag="245" ind1=" " ind2=" ">
    <subfield code="a">Harvesting Feminist Knowledge for Public Policy/</subfield>
    <subfield code="b">Edited by Devaki Jain</subfield>
  </datafield>
  <datafield tag="250" ind1=" " ind2=" ">
    <subfield code="a">2011</subfield>
  </datafield>
  <datafield tag="260" ind1=" " ind2=" ">
    <subfield code="a">New Delhi</subfield>
    <subfield code="b">Sage Publications India Pvt Ltd</subfield>
    <subfield code="c">2011</subfield>
  </datafield>
  <datafield tag="270" ind1=" " ind2=" ">
    <subfield code="a">B1/I-1, Mohan Cooperative Industrial Area, Mathura Road</subfield>
    <subfield code="b">New Delhi</subfield>
    <subfield code="e">110044</subfield>
  </datafield>
  <datafield tag="300" ind1=" " ind2=" ">
    <subfield code="a">xivi, 347p.</subfield>
    <subfield code="c">23cm (hbk)</subfield>
  </datafield>
  <datafield tag="700" ind1=" " ind2=" ">
    <subfield code="a"> Elson, Diane</subfield>
  </datafield>
  <datafield tag="942" ind1=" " ind2=" ">
    <subfield code="a">dpl</subfield>
    <subfield code="c">EN</subfield>
    <subfield code="2">ddc</subfield>
    <subfield code="h">320.6082</subfield>
    <subfield code="m">HAR</subfield>
  </datafield>
  <datafield tag="952" ind1=" " ind2=" ">
    <subfield code="0">0</subfield>
    <subfield code="1">0</subfield>
    <subfield code="4">0</subfield>
    <subfield code="7">0</subfield>
    <subfield code="8">NFIC</subfield>
    <subfield code="a">AV</subfield>
    <subfield code="b">AV</subfield>
    <subfield code="d">2021-12-08</subfield>
    <subfield code="e">DBAD/PUB</subfield>
    <subfield code="g">795.00</subfield>
    <subfield code="l">0</subfield>
    <subfield code="o">320.6082 HAR</subfield>
    <subfield code="p">EN-113775</subfield>
    <subfield code="r">2021-12-08 00:00:00</subfield>
    <subfield code="t">1</subfield>
    <subfield code="v">795.00</subfield>
    <subfield code="y">EN</subfield>
  </datafield>
</record>
